000 00743nam a2200241 a 4500
001 76947
003 BD-RjUL
005 20211209082916.0
008 170130s1965 ii a b 001 0 eng
035 _a(BD-RjUL)63514
040 _aDLC
_cDLC
_dDLC
_dBD-RjUL
_beng
041 _aeng
082 _223
_a793.31954
_bBOD 1953
100 1 _aBower, Faubion.
_9188608
245 1 4 _aThe dance in India /
_cFaubion Bowers
260 _anew york :
_bColombia university press ,
_c1953.
300 _axiii, 175 p. :
_bill. ;
_c23 cm.
490 0 _aTaraporevala's treasure house of books.
504 _aInclude bibliography and index.
650 0 _aDance
_zIndia.
_9188609
830 _aTaraporevala's treasure house of books.
_9239036
942 _2ddc
_cBK
999 _c76947
_d76947